Answers Ending in -que - Statistics

General Stats
  • This quiz has been taken 21 times
  • The average score is 6 of 13
Answer Stats
Hint Answer % Correct
Something that is one of a kind Unique
95%
An exclusive group of people Clique
90%
An old artifact Antique
76%
French for circus Cirque
76%
Resembling a statue Statuesque
57%
Island in the Lesser Antilles controlled by France Martinique
48%
Unappealing, repulsive, distorted Grotesque
38%
Synonym of judge, usually to correct someone Critique
33%
Diagonal Oblique
33%
Canadian word for beanie Toque
19%
Barbary, Bonnet Macaque
14%
A type of cheesecake or chicken Basque
0%
Proportionally enormous Gigantesque
0%
No matching quizzes found
Score Distribution
Percent of People with Each Score
Percentile by Number Answered
Your Score History
You have not taken this quiz